| 000 | 00448nam a22001457a 4500 | ||
|---|---|---|---|
| 082 |
_a363.1251072 _bROA _cD |
||
| 100 |
_aO.E.C.D., _938033 |
||
| 245 |
_astatistical methods in the analysis of road accidents _cO.E.C.D |
||
| 260 |
_aParis : _bOrganization for economic co-operation and development _cc 1970. |
||
| 300 | _a210 p. : | ||
| 526 |
_a0 _b0 _c0 _d363_125107200000000_ROA |
||
| 650 |
_aMCE _9379 |
||
| 700 |
_aO.E.C.D _938034 |
||
| 942 |
_2ddc _cBK |
||
| 999 |
_c542727 _d542727 |
||